| 000 | 00661nam a2200241Ia 4500 | ||
|---|---|---|---|
| 003 | OSt | ||
| 005 | 20220923230645.0 | ||
| 006 | a|||||r|||| 00| 0 | ||
| 007 | ta | ||
| 008 | 220922b |||||||| |||| 00| 0 san d | ||
| 024 | _a296,201 | ||
| 037 | _cTextual | ||
| 040 |
_aARTS _cARTS _bsan |
||
| 041 |
_2san _asan |
||
| 082 | _aO15:2D70:11, 152J5 | ||
| 100 | _aभवभूति | ||
| 245 | 0 | _aमहावीरचरितम् | |
| 246 | _ahināvīracharitam | ||
| 260 | _c1955 | ||
| 650 | _aसंस्कृत साहित्य | ||
| 942 |
_hO15:2D70:11, 152J5 _cTEXL _2CC |
||
| 999 |
_c386320 _d386320 |
||